|
|
|
|
| LEADER |
01291nam a2200349 a 4500 |
| 001 |
11818353 |
| 003 |
BD-DhAAL |
| 008 |
120119s2000 at b 001 0 eng |
| 010 |
|
|
|a 99056211
|
| 020 |
|
|
|a 1856497402 (hc.)
|
| 020 |
|
|
|a 1856497410 (pbk.)
|
| 040 |
|
|
|a DLC
|c DLC
|d DLC
|d BD-DhAAL
|
| 041 |
1 |
|
|a eng
|
| 042 |
|
|
|a pcc
|
| 050 |
0 |
0 |
|a HD6053
|b .W44713 2000
|
| 082 |
0 |
0 |
|a 331.4
|2 21
|
| 100 |
1 |
|
|a Wichterich, Christa.
|9 54360
|
| 240 |
1 |
0 |
|a Globalisierte Frau.
|l English
|
| 245 |
1 |
4 |
|a The globalized woman :
|b reports from a future of inequality /
|c Christa Wichterich ; translated by Patrick Camiller.
|
| 260 |
|
|
|a North Melbourne :
|b Spinifex Press ;
|a London ;
|a New York :
|b Zed Books,
|c c2000.
|
| 300 |
|
|
|a x, 180 p. ;
|c 23 cm.
|
| 504 |
|
|
|a Includes bibliographical references and index.
|
| 541 |
|
|
|e 00024320
|
| 650 |
|
0 |
|a Women
|x Employment.
|
| 650 |
|
0 |
|a Unemployed women workers.
|9 54361
|
| 650 |
|
0 |
|a Labor market.
|
| 650 |
|
0 |
|a Competition, International.
|
| 650 |
|
0 |
|a International division of labor.
|9 54362
|
| 852 |
1 |
|
|a James P Grant School of Public Health
|c General Shelf.
|
| 942 |
|
|
|2 ddc
|c BK
|
| 999 |
|
|
|c 11788
|d 11788
|
| 952 |
|
|
|0 0
|1 0
|2 ddc
|4 0
|6 331_400000000000000_WIC
|7 0
|9 19213
|a JPGSPH
|b JPGSPH
|c GEN
|d 2012-01-18
|l 0
|o 331.4 WIC
|p 3060024320
|r 2012-01-19
|t 1
|w 2012-01-19
|y BK
|